| 000 | 00666nam a2200205 a 4500 | ||
|---|---|---|---|
| 005 | 20240910064255.0 | ||
| 008 | 991125s1991 chi 000 0 spa u | ||
| 020 | _a0944499309 | ||
| 035 | _aUPN01000010583 | ||
| 049 | _aCG | ||
| 050 | 4 |
_aLB1048.5 _bC6.5 |
|
| 245 | 0 | 0 |
_aCómo resolver los problemas de aprendizaje y estudio de sus hijos / _cdir. María Eloísa Alvarez del Real. |
| 260 |
_aCali, Col. : _bAmérica, _c[198-]. |
||
| 300 |
_a256 p. : _bil. |
||
| 650 | 2 |
_aEducación _xParticipación de los padres _97544 |
|
| 650 | 4 |
_aAprendizaje _92861 |
|
| 650 | 4 |
_aMétodos de estudio _94280 |
|
| 700 | 1 |
_aAlvarez del Real, María Eloísa, _edir. |
|
| 905 | _aLibro | ||
| 999 |
_c10583 _d10583 |
||